000 00483nam a22001817a 4500
005 20140506114117.0
010 _aENG-109884
020 _a9788184981384
_c299.00
035 _aEN-93417
037 _bDBAD/PUB
082 _aS
100 _aKimura, Rei
245 0 0 _aJapanese Magnolia /
_cby Rei Kimura
260 _aPune
_bMehta Publishing House
_c2010
270 _a1941, Sadashiv Peth, Mediwalie Colony
_bPune
_e411030
300 _a333p.
_c22cm(pbk)
942 _2ddc
_cEN
_mKIM
_hS
999 _c83762
_d83762